000 03807nam a2200325 i 4500
003 DO-SdBNP
005 20230628121146.0
006 a||||gr|||| 00| 0
007 ta
008 230623q194? dr ||||| |||| 00| 0 spa d
040 _aDO-SdBNP
_bspa
_cBNPHU
_erda
082 4 _222
_aA634p
245 0 0 _aAntología poética trujillista. /
_cEnrique Aguiar,... [y otros]; selección, compilación y prólogo de H. B. de Castro Noboa.
264 _aSantiago, República Dominicana :
_bEl Diario,
_c[1940?]
300 _a[xvi], 144 páginas ;
_c21 cm
336 _2rdaconten
_atexto
_btxt
337 _2rdamedia
_asin medición
_bn
338 _2rdacarrier
_avolumen
_bnc
505 _aPrólogo.
_rAGUIAR, Enrique. /
_tGesta de Prócer.--
_rALFONSECA, Iván. /
_tTrujillo.--
_rALVAREZ Almanzar, F. /
_tTrujillo siempre.-- Canto a la Paz y al Trbajo.--
_rBASORA, Porfirio. /
_tBenefactor.--
_rCASTRO NOBOA, H. B. de. /
_tTrujillo.-- La Apoteosis del Libertador.-- La Nueva Ascensión.--
_rCONCEPCION, J. Agustín. /
_tVida Ejemplar.-- Mango Prócer.--
_rCORDERO GONZALEZ, Adriano. /
_tSalutación al Generalísimo.--
_rDIAZ ORDOÑEZ, Virgilio. /
_tCanto a la Paz y al Trabajo.--
505 _rDUCOUDRAY, J. Humberto. /
_tSemblanza de Trujillo.--
_rGARCIA GODOY, Emilio./
_tPasas.--
_rGARRIDO, Víctor. /
_tTrujillo.--
_rGIRO, Valentín. /
_tSinfonía Heroica.-- Trujillo, el Benefactor.--
_rGOMEZ, Antonio Da Costa. /
_tHéroe.--
_rGOICO ALIX, Juan. /
_tEspada, Libertad y Gloria.--
_rGONZALEZ HERRERA, Julio./
_tEl jefe.--
_tGUZMAN, F. Benjamín. /
_tLos Arboles de l Raza.-- Bronce de Héroe.--
_rGUZMAN CARRETERO, Octavio. /
_tCanto a la Paz y al Trabajo.--
_rENRIQUEZ, Gustavo Julio. /
_tTrujillo y el Faro de Colón.--
_tENRIQUEZ, Homero. /
_tMensaje al Generalísimo.--
_rHOEPELMAN, Virgilio. /
_tLa tríada Inmortal.--
_rHUNGRIA LOVELACE, L. A.
_tBlasón.--
505 _rJIMENEZ, R. Emilio. /
_tLa Obra de Trujillo.-- El Generalísimo y San Cristóbal.-- La Magna Recepción del Benefactor de la Patria en el crucero "Philadelphia".-- A los niños de la Frontera.--
_rJIMENEZ R., José María. /
_tEl Retorno del Héroe.--
_rLAMARCHE, J. B. /
_tTrujillo al natural.-- La Patria y el Héroe.-- La Apoteosis del Héroe.-- "¡Y seguiré a Caballo!'.-- La escultura simbólica, El Generalísimo.--
_rLORA, M. Armando. /
_tLa Fuerza de Trujillo.--
_rMEJIA, J. Tomás.--
_tLa Epopeya del Puerto.--
_rMEJIA, Francisco R. /
_tInvicto Paladín.--
_rMEYRELES SOLER, Rafael.--
_t24 de Octubre.--
_rMORERA, José. /
_tTrujillo.-- Puerto de Ciudad Trujillo.--
_rOSCAR, Armando. /
_tMármol y Bronce.-- Resurrección.-- Generalísimo Rafael L. Trujillo Molina.--
_rPATIN MAEO, M. A. /
_tEl Obelisco.--
_rPERREYRA hijo, Francisco. /
_tRafael Leonidas Trujillo Molina.--
_rPEREX ALFONSECA, R. /
_tLos Diez Mil de Trujillo.--
_tREYES, Juan de Jesús. /
_rEl Generalísimo.--
_rSANABIA, Rafael Emilio. /
_tEl Sembrador de paz.-- El Camino del Héroe.-- La Marcha de la Victoria.--
_rSANABIA, Pedro Pablo. /
_tRafael Leonidas Trujillo Molina.--
_rSEVEZ fils, Francois. /
_tAl Obelico de Ciudad Trujillo.--
_rSOSA, León F. /
_tTrujillo.--
_rSORIANO, M. Germán. /
_tTrujillo en Culebra.-- La Estrella del Generalísimo en el Baluarte.--
_rSUNCAR CHEVALIER, Manuel E. /
_tBronce Inmortal.-- Sinfonía del Nuevo Amanecer.--
_rSURO, Rubén. /
_tTrujillo.--
_rURIB, Max. /
_tBenefactor.
590 _aInventariado 2023 / MF
700 1 _923957
_aAguiar, Enrique,
_d1939-
_tGesta de Prócer.
700 1 _923962
_aAlfonseca, Ivan,
_d1912-
_tTrujillo.
700 1 _959012
_aÁlvarez Almanzar, F.,
_tTrujillo Siempre. Canto a la Paz y al Trabajo.
700 1 _aBasora, Porfirio,
_tBenefactor.
_983627
700 1 _958947
_aCastro Noboa, H. B. de,
_d1911-
_tTrujillo. La Aposteosis del Libertador....
700 1 _958947
_aCastro Noboa, H. B. de,
_d1911- ?
_eselección, compilación y prólogo
942 _2ddc
_cLBS1
999 _c53928
_d53928